Hindi Book (Suno Kahani) (Record no. 3606)
[ view plain ]
| 000 -LEADER | |
|---|---|
| fixed length control field | 00205nam a22000857a 4500 |
| 008 - FIXED-LENGTH DATA ELEMENTS--GENERAL INFORMATION | |
| fixed length control field | 161024b xxu||||| |||| 00| 0 eng d |
| 100 ## - MAIN ENTRY--PERSONAL NAME | |
| 9 (RLIN) | 950 |
| Personal name | Pant |
| 245 ## - TITLE STATEMENT | |
| Title | Hindi Book (Suno Kahani) |
| 260 ## - PUBLICATION, DISTRIBUTION, ETC. (IMPRINT) | |
| Place of publication, distribution, etc. | New Delhi |
| Name of publisher, distributor, etc. | 2008 |
| Withdrawn status | Lost status | Source of classification or shelving scheme | Damaged status | Koha normalized classification for sorting | Not for loan | Home library | Current library | Shelving location | Date acquired | Total Checkouts | Full call number | Barcode | Date last seen | Date last checked out | Price effective from | Koha item type |
|---|---|---|---|---|---|---|---|---|---|---|---|---|---|---|---|---|
| Dewey Decimal Classification | 4H3 | Good Samaritan School Library | Good Samaritan School Library | HINDI | 10/24/2016 | 1 | 4H3 | PAN6936 | 11/01/2016 | 10/25/2016 | 10/24/2016 | BOOK |